Statistics for Countries of the 1900's on a Modern Map

Click here to take the quiz!

General Stats

  • This quiz has been taken 4,203 times
  • The average score is 185 of 196

Answers on the Map

Answers color-coded by a green-red scale on the quiz's map according to % correct below.
 

Answer Stats

Country% Correct
Austria
100%
Germany
100%
Australia
99%
Belarus
99%
Burundi
99%
Canada
99%
China
99%
Egypt
99%
Eritrea
99%
Latvia
99%
Libya
99%
Lithuania
99%
Marshall Islands
99%
North Korea
99%
Palau
99%
Sierra Leone
99%
Solomon Islands
99%
Somalia
99%
South Korea
99%
Ukraine
99%
United States
99%
Vanuatu
99%
Afghanistan
98%
Antigua and Barbuda
98%
Armenia
98%
Azerbaijan
98%
Bahamas
98%
Bahrain
98%
Bangladesh
98%
Barbados
98%
Belize
98%
Bhutan
98%
Botswana
98%
Brunei
98%
Cameroon
98%
Central African Republic
98%
Chad
98%
Cuba
98%
Cyprus
98%
Dominica
98%
Estonia
98%
Eswatini
98%
Fiji
98%
France
98%
Gabon
98%
Gambia
98%
Georgia
98%
Ghana
98%
Grenada
98%
Guyana
98%
India
98%
Ireland
98%
Israel
98%
Jamaica
98%
Jordan
98%
Kazakhstan
98%
Kenya
98%
Kiribati
98%
Kuwait
98%
Kyrgyzstan
98%
Lebanon
98%
Lesotho
98%
Malawi
98%
Malaysia
98%
Maldives
98%
Malta
98%
Mauritius
98%
Moldova
98%
Morocco
98%
Myanmar
98%
Nauru
98%
New Zealand
98%
Nigeria
98%
Oman
98%
Pakistan
98%
Philippines
98%
Poland
98%
Qatar
98%
Republic of the Congo
98%
Russia
98%
Saint Kitts and Nevis
98%
Saint Lucia
98%
Saint Vincent and the
Grenadines
98%
Seychelles
98%
Singapore
98%
South Africa
98%
South Sudan
98%
Sri Lanka
98%
Sudan
98%
Syria
98%
Tajikistan
98%
Tanzania
98%
Togo
98%
Tonga
98%
Trinidad and Tobago
98%
Turkmenistan
98%
Tuvalu
98%
Uganda
98%
United Arab Emirates
98%
United Kingdom
98%
Uzbekistan
98%
Yemen
98%
Zambia
98%
Zimbabwe
98%
Algeria
97%
Burkina Faso
97%
Cambodia
97%
Comoros
97%
Djibouti
97%
East Timor
97%
Equatorial Guinea
97%
Finland
97%
Guinea
97%
Ivory Coast
97%
Laos
97%
Madagascar
97%
Mali
97%
Mauritania
97%
Niger
97%
Senegal
97%
Slovenia
97%
Spain
97%
Tunisia
97%
Vietnam
97%
Angola
96%
Benin
96%
Brazil
96%
Cape Verde
96%
Denmark
96%
Federated States of
Micronesia
96%
Guinea-Bissau
96%
Italy
96%
Mexico
96%
Mozambique
96%
Portugal
96%
São Tomé and Príncipe
96%
Turkey
96%
Democratic Republic
of the Congo
95%
Ethiopia
95%
Kosovo
95%
Mongolia
95%
Rwanda
95%
Serbia
95%
Taiwan
95%
Belgium
94%
Greece
94%
Iran
94%
Iraq
94%
Japan
94%
Netherlands
94%
Norway
94%
Saudi Arabia
94%
Sweden
94%
Argentina
93%
Iceland
93%
Chile
92%
Croatia
92%
Peru
92%
Colombia
91%
Czech Republic
91%
Indonesia
91%
Slovakia
91%
Panama
90%
Paraguay
90%
Suriname
90%
Vatican City
90%
Bolivia
89%
Bulgaria
89%
Hungary
89%
Nepal
89%
North Macedonia
89%
Romania
89%
Venezuela
89%
Albania
88%
Thailand
88%
Bosnia and
Herzegovina
87%
Switzerland
87%
Uruguay
87%
Ecuador
86%
Haiti
83%
Dominican Republic
82%
Guatemala
82%
Honduras
82%
Montenegro
82%
Costa Rica
81%
Nicaragua
81%
Namibia
79%
Papua New Guinea
79%
El Salvador
78%
Liberia
78%
Samoa
73%
Luxembourg
65%
Andorra
61%
San Marino
60%
Liechtenstein
59%
Monaco
58%

Score Distribution

Percentile by Number Answered

Percent of People with Each Score

Your Score History

You have not taken this quiz